[Event "21st Hoogeveen op"]
[Site "Hoogeveen NED"]
[Date "2017.10.21"]
[Round "1.1"]
[White "Kuljasevic, Davorin"]
[Black "Heemskerk, Wim"]
[Result "1-0"]
[WhiteElo "2549"]
[BlackElo "2179"]
[EventDate "2017.10.21"]
[PlyCount "69"]

1.d4 e6 2.c4 Nf6 3.Nc3 d5 4.Nf3 Be7 5.Bf4 O-O 6.e3 b6 7.Bd3 Bb7 8.O-O c5 
9.dxc5 bxc5 10.Rc1 Nbd7 11.cxd5 exd5 12.Qe2 Qb6 13.Rfd1 Rfe8 14.Bb5 Bc6 
15.Bxc6 Qxc6 16.Ne5 Nxe5 17.Bxe5 Rad8 18.Qf3 Ne4 19.Rxd5 Rxd5 20.Qxe4 Red8
21.Nxd5 Rxd5 22.Qf3 Qe6 23.Bc3 h5 24.b3 Qd7 25.h3 h4 26.Qg4 Qxg4 27.hxg4 
Rd6 28.Kf1 Ra6 29.Rc2 Kf8 30.Ke2 h3 31.gxh3 Rh6 32.Bd4 cxd4 33.Rc8+ Bd8 
34.Rxd8+ Ke7 35.Rxd4 1-0

[Event "21st Hoogeveen op"]
[Site "Hoogeveen NED"]
[Date "2017.10.21"]
[Round "1.2"]
[White "De Graaf, Dick"]
[Black "Xu Xiangyu"]
[Result "0-1"]
[WhiteElo "2178"]
[BlackElo "2549"]
[EventDate "2017.10.21"]
[PlyCount "126"]

1.e4 c5 2.Nf3 d6 3.d4 cxd4 4.Nxd4 Nf6 5.Nc3 Nc6 6.Nxc6 bxc6 7.Bd3 g6 8.O-O
Bg7 9.Bg5 Qa5 10.Bd2 Qc7 11.h3 O-O 12.Qc1 Re8 13.Bh6 e5 14.Bxg7 Kxg7 15.
Ne2 Nh5 16.g4 Nf6 17.Ng3 d5 18.f3 Qe7 19.Kg2 Nd7 20.h4 Nc5 21.h5 Ne6 22.
Ne2 Bb7 23.Rh1 Qg5 24.Qxg5 Nxg5 25.Ng3 Re6 26.a4 Rd8 27.h6+ Kf8 28.Rae1 a5
29.Rhf1 Rdd6 30.Rf2 Re7 31.b3 Ne6 32.Ne2 Bc8 33.Nc3 Nc5 34.Rfe2 f6 35.Rh1 
Kf7 36.Rhe1 Rd8 37.exd5 cxd5 38.Bb5 Bb7 39.Kg3 Rc8 40.Rd1 Nxb3 41.Nxd5 
Bxd5 42.Rxd5 Nd4 43.Rd2 Nxc2 44.Rd8 Rc3 45.R2d7 f5 46.gxf5 gxf5 47.Rxe7+ 
Kxe7 48.Rd7+ Kf6 49.Kh4 Nd4 50.Rd6+ Ke7 51.Rd7+ Ke6 52.Rxh7 Nxf3+ 53.Kh5 
Rc2 54.Rg7 e4 55.Kg6 Ne5+ 56.Kh7 Rh2 57.Ra7 f4 58.Kg7 e3 59.Ra6+ Kd5 60.h7
f3 61.Rh6 Rxh6 62.Kxh6 e2 63.Kg7 e1=Q 0-1

[Event "21st Hoogeveen op"]
[Site "Hoogeveen NED"]
[Date "2017.10.21"]
[Round "1.3"]
[White "Ernst, Sipke"]
[Black "Sparenberg, Erik"]
[Result "1-0"]
[WhiteElo "2548"]
[BlackElo "2175"]
[EventDate "2017.10.21"]
[PlyCount "165"]

1.d4 d5 2.c4 dxc4 3.Nf3 Nf6 4.e3 e6 5.Bxc4 c5 6.O-O Nc6 7.Nc3 a6 8.a4 Be7 
9.dxc5 Qxd1 10.Rxd1 Bxc5 11.h3 Bb4 12.Na2 Be7 13.Bd2 O-O 14.b4 Nd7 15.Be2 
Bf6 16.Rab1 Ne7 17.Nc3 Ng6 18.Be1 Be7 19.Nd2 Rb8 20.Nc4 Nf6 21.Nb6 Bd8 22.
Nxc8 Rxc8 23.a5 Ne5 24.Kf1 Re8 25.Na4 Nd5 26.g3 Be7 27.e4 Nf6 28.Nb6 Rc2 
29.f4 Nc6 30.e5 Nd5 31.Nxd5 exd5 32.Rxd5 g5 33.b5 axb5 34.Rbxb5 gxf4 35.
gxf4 Bf8 36.Rxb7 Ne7 37.Rd2 Rc1 38.Rd1 Rc2 39.Bd3 Ra2 40.Bb5 Rc8 41.Bd3 
Ng6 42.Rd2 Ra4 43.Bxg6 hxg6 44.Re2 Rxf4+ 45.Kg2 Rc6 46.Ra2 Ra6 47.Rb8 Kg7 
48.Bd2 Rf5 49.Bc3 Be7 50.Rb6 Ra8 51.a6 Bc5 52.Rc6 Ba7 53.Rc7 Kf8 54.Rb2 
Be3 55.Rc6 Rf4 56.Rb7 Ra4 57.e6 R4xa6 58.Rxf7+ Ke8 59.Bb4 Bh6 60.Rh7 Bf8 
61.Rxa6 Rxa6 62.e7 Bxe7 63.Rxe7+ Kd8 64.Re5 Kd7 65.Kf3 Ra4 66.Re7+ Kc6 67.
Bd2 Kd5 68.Bf4 Ra1 69.Rg7 Rf1+ 70.Kg4 Ke4 71.Bg3 Rf6 72.h4 Kd5 73.Rd7+ Ke4
74.Re7+ Kd5 75.Bf4 Rf5 76.Rg7 Rf6 77.Bg5 Ra6 78.Re7 Kd6 79.Bf6 Ra2 80.Kg5 
Rg2+ 81.Kh6 Rg4 82.Bg5 Rg2 83.Re1 1-0

[Event "21st Hoogeveen op"]
[Site "Hoogeveen NED"]
[Date "2017.10.21"]
[Round "1.4"]
[White "Mellema, Andries"]
[Black "Pruijssers, Roeland"]
[Result "0-1"]
[WhiteElo "2164"]
[BlackElo "2512"]
[EventDate "2017.10.21"]
[PlyCount "118"]

1.e4 e5 2.Nf3 Nc6 3.d4 exd4 4.Bc4 Nf6 5.O-O Nxe4 6.Re1 d5 7.Bxd5 Qxd5 8.
Nc3 Qa5 9.Nxe4 Be6 10.Neg5 O-O-O 11.Nxe6 fxe6 12.Rxe6 Bd6 13.Bg5 Rde8 14.
Qe2 Kd7 15.Re4 Qf5 16.Re1 Rxe4 17.Qxe4 Qxe4 18.Rxe4 Re8 19.Rxe8 Kxe8 20.a3
Kd7 21.Bd2 h6 22.Kf1 Ke6 23.Ke2 Kd5 24.Kd3 b5 25.h3 a5 26.c3 dxc3 27.Bxc3 
Bf8 28.g4 b4 29.axb4 axb4 30.Bd2 Na5 31.Nh4 c5 32.Nf5 c4+ 33.Ke2 Nc6 34.
Be3 Ne5 35.Ba7 g6 36.Ne3+ Ke4 37.Bb8 Nc6 38.Bc7 Nd4+ 39.Kd2 c3+ 40.bxc3 
bxc3+ 41.Kd1 Kd3 42.Bd8 c2+ 43.Nxc2 Nxc2 44.f4 Ne3+ 45.Kc1 Ba3+ 46.Kb1 Ke4
47.f5 gxf5 48.gxf5 Kxf5 49.Bb6 Nd5 50.Ba7 Nb4 51.Bc5 Kf4 52.h4 h5 53.Be7 
Ke3 54.Bg5+ Kd3 55.Bf6 Kc4 56.Be7 Kb3 57.Bf8 Nd5 58.Bg7 Nc3+ 59.Ka1 Bb2# 
0-1

[Event "21st Hoogeveen op"]
[Site "Hoogeveen NED"]
[Date "2017.10.21"]
[Round "1.6"]
[White "Boer, Bas De"]
[Black "Van Foreest, Lucas"]
[Result "1/2-1/2"]
[WhiteElo "2120"]
[BlackElo "2489"]
[EventDate "2017.10.21"]
[PlyCount "65"]

1.d4 Nf6 2.c4 e6 3.Nc3 Bb4 4.Qc2 b6 5.e4 c5 6.d5 Qe7 7.Be2 exd5 8.exd5 d6 
9.Nf3 O-O 10.O-O Bxc3 11.Qxc3 Nxd5 12.cxd5 Qxe2 13.Bg5 Ba6 14.Rfe1 Qc4 15.
Qd2 Nd7 16.Be7 Rfe8 17.b3 Qd3 18.Qf4 Qxd5 19.Rad1 Qh5 20.Rxd6 Nf8 21.g4 
Qh3 22.Ng5 Rxe7 23.Nxh3 Rxe1+ 24.Kg2 Ne6 25.Qf5 Rf8 26.Ng5 Bb7+ 27.Kh3 g6 
28.Qf6 Nxg5+ 29.Qxg5 Rg1 30.Rd8 Bf3 31.Rxf8+ Kxf8 32.Qd8+ Kg7 33.g5 
1/2-1/2

[Event "21st Hoogeveen op"]
[Site "Hoogeveen NED"]
[Date "2017.10.21"]
[Round "1.7"]
[White "Gritsak, Orest"]
[Black "Molenaar, Christiaan"]
[Result "1-0"]
[WhiteElo "2468"]
[BlackElo "2112"]
[EventDate "2017.10.21"]
[PlyCount "63"]

1.Nf3 f5 2.d4 Nf6 3.Bg5 h6 4.Bxf6 exf6 5.Nh4 d5 6.e3 Be6 7.Qh5+ Bf7 8.Qxf5
Qd7 9.Qxd7+ Nxd7 10.Bd3 O-O-O 11.Ng6 Rg8 12.Nxf8 Rgxf8 13.Nd2 Kb8 14.Nf3 
Nb6 15.b3 Nc8 16.Nh4 Nd6 17.Nf5 Ne4 18.Bxe4 dxe4 19.c4 g6 20.Ng3 f5 21.Ne2
Rd6 22.h4 Kc8 23.O-O-O Kd8 24.d5 b5 25.cxb5 Bxd5 26.Rd4 Kd7 27.Rhd1 Bf7 
28.Rxd6+ cxd6 29.Rd4 Rb8 30.Ra4 Rxb5 31.Rxa7+ Ke6 32.Nd4+ 1-0

[Event "21st Hoogeveen op"]
[Site "Hoogeveen NED"]
[Date "2017.10.21"]
[Round "1.8"]
[White "Boer, Alef"]
[Black "Saduakassova, Dinara"]
[Result "0-1"]
[WhiteElo "2107"]
[BlackElo "2448"]
[EventDate "2017.10.21"]
[PlyCount "36"]

1.c4 b6 2.Nc3 Bb7 3.e4 e6 4.g3 f5 5.Bg2 Nf6 6.f3 fxe4 7.fxe4 e5 8.Nge2 Bc5
9.d3 O-O 10.h3 Nh5 11.g4 Qh4+ 12.Kd2 Ng3 13.Nxg3 Qxg3 14.Bf1 Rf2+ 15.Be2 
Nc6 16.Kc2 Nd4+ 17.Kb1 Raf8 18.Bf1 Qf3 0-1

[Event "21st Hoogeveen op"]
[Site "Hoogeveen NED"]
[Date "2017.10.21"]
[Round "1.9"]
[White "Schoppen, Casper"]
[Black "Schulze, Lara"]
[Result "1-0"]
[WhiteElo "2440"]
[BlackElo "2091"]
[EventDate "2017.10.21"]
[PlyCount "73"]

1.e4 e6 2.d4 d5 3.Nc3 Bb4 4.e5 c5 5.a3 Bxc3+ 6.bxc3 Ne7 7.Qg4 Qc7 8.Bd3 
cxd4 9.Ne2 dxc3 10.Qxg7 Rg8 11.Qxh7 Nbc6 12.Bf4 Bd7 13.O-O O-O-O 14.Qxf7 
Rdf8 15.Qh5 Rh8 16.Qf3 Be8 17.Qe3 Qd7 18.Qc5 d4 19.Bg3 Bh5 20.Rfe1 Bxe2 
21.Rxe2 Nf5 22.Rb1 Qe7 23.Qxe7 Nfxe7 24.Re4 Nf5 25.f3 Rd8 26.Bf2 Kc7 27.
Rbe1 a6 28.g4 Nh4 29.Rf4 Rd5 30.Rf7+ Kb6 31.Bg3 Ra5 32.Kf2 Rxa3 33.Rb1+ 
Kc5 34.Rfxb7 Ra5 35.Rc7 Rb5 36.Rxb5+ axb5 37.Be4 1-0

[Event "21st Hoogeveen op"]
[Site "Hoogeveen NED"]
[Date "2017.10.21"]
[Round "1.10"]
[White "Hendriks, Richard V"]
[Black "Beerdsen, Thomas"]
[Result "0-1"]
[WhiteElo "2087"]
[BlackElo "2428"]
[EventDate "2017.10.21"]
[PlyCount "106"]

1.e4 e6 2.d4 d5 3.Nc3 Nf6 4.Bg5 dxe4 5.Nxe4 Be7 6.Bxf6 gxf6 7.Nf3 f5 8.Nc3
Bf6 9.Qd2 c6 10.g3 Nd7 11.Bg2 Nf8 12.O-O-O Bd7 13.Rhe1 Ng6 14.h4 h5 15.Kb1
Bg7 16.Qe2 Qe7 17.Qc4 a5 18.Qd3 a4 19.Ne5 Nxe5 20.dxe5 a3 21.b3 Rd8 22.Qe2
Qc5 23.Na4 Qa5 24.Qe3 Bf8 25.Rd3 Be7 26.Red1 Bc8 27.c4 Rxd3 28.Rxd3 f4 29.
Qd2 Qxd2 30.Rxd2 fxg3 31.Nb6 Bb4 32.Rd3 Ke7 33.Rxg3 Bc5 34.Nxc8+ Rxc8 35.
f4 Bf2 36.Rf3 Bxh4 37.f5 Rg8 38.Bf1 Bg3 39.fxe6 fxe6 40.b4 Bxe5 41.Rxa3 h4
42.Kc2 Bd4 43.Rd3 e5 44.Rh3 Rg4 45.Be2 Rg2 46.Kd3 Bf2 47.Bf3 Rg8 48.b5 Ra8
49.bxc6 bxc6 50.Ke2 Rxa2+ 51.Kf1 Bg3 52.Bxc6 Rf2+ 53.Kg1 Kd6 0-1

[Event "21st Hoogeveen op"]
[Site "Hoogeveen NED"]
[Date "2017.10.21"]
[Round "1.11"]
[White "Carlstedt, Jonathan"]
[Black "Roebers, Jan"]
[Result "1-0"]
[WhiteElo "2413"]
[BlackElo "2086"]
[EventDate "2017.10.21"]
[PlyCount "83"]

1.d4 Nf6 2.c4 g6 3.g3 Bg7 4.Bg2 O-O 5.Nf3 d6 6.Nc3 Nc6 7.O-O a6 8.Qd3 Bf5 
9.e4 Bg4 10.Be3 Nd7 11.Ne1 e5 12.d5 Nd4 13.h3 Nc5 14.Qd2 Bd7 15.f4 f5 16.
fxe5 dxe5 17.Nc2 Nxc2 18.Qxc2 Nxe4 19.Nxe4 fxe4 20.g4 Qh4 21.Qxe4 Rxf1+ 
22.Rxf1 Rf8 23.Rxf8+ Kxf8 24.Kh2 Qf6 25.c5 Ke8 26.Qb4 Bc8 27.a4 h5 28.g5 
Qf7 29.a5 Qf5 30.Qc4 e4 31.Qxe4+ Be5+ 32.Kg1 Qxe4 33.Bxe4 Kf7 34.c6 bxc6 
35.dxc6 Bd6 36.Bd2 Bxh3 37.b4 Be6 38.Bd3 Bd5 39.Bxa6 Bxc6 40.Bc8 Bb5 41.a6
h4 42.Bb7 1-0

[Event "21st Hoogeveen op"]
[Site "Hoogeveen NED"]
[Date "2017.10.21"]
[Round "1.12"]
[White "Fehr, Axel"]
[Black "Kuipers, Stefan"]
[Result "0-1"]
[WhiteElo "2081"]
[BlackElo "2411"]
[EventDate "2017.10.21"]
[PlyCount "66"]

1.d4 d5 2.Bf4 c5 3.e3 cxd4 4.exd4 Nc6 5.c3 f6 6.Nf3 g5 7.Bg3 Bf5 8.Bd3 e6 
9.h4 Bxd3 10.Qxd3 g4 11.Nh2 f5 12.f3 h5 13.Qe2 Qd7 14.fxg4 hxg4 15.Nd2 Nf6
16.O-O-O O-O-O 17.Rde1 Nh5 18.Nhf1 Re8 19.Kb1 f4 20.Bf2 Qh7+ 21.Ka1 Qg6 
22.Nb1 g3 23.Bg1 e5 24.dxe5 Rxe5 25.Qd1 Rxe1 26.Qxe1 f3 27.Rh3 f2 28.Bxf2 
gxf2 29.Qxf2 Bd6 30.Rf3 Ne5 31.Rf5 Nd3 32.Qf3 Ne1 33.Qf2 Ng7 0-1

[Event "21st Hoogeveen op"]
[Site "Hoogeveen NED"]
[Date "2017.10.21"]
[Round "1.13"]
[White "Jonkman, Harmen"]
[Black "Vistisen, Lars"]
[Result "1/2-1/2"]
[WhiteElo "2410"]
[BlackElo "2073"]
[EventDate "2017.10.21"]
[PlyCount "30"]

1.e4 e5 2.Bc4 Nf6 3.d3 c6 4.Nf3 d5 5.Bb3 Bb4+ 6.c3 Bd6 7.Bg5 dxe4 8.dxe4 
Qe7 9.Nbd2 Nbd7 10.Nc4 Bc7 11.Bc2 h6 12.Bh4 Nf8 13.a4 Ng6 14.Bg3 O-O 15.
Nh4 Nf4 1/2-1/2

[Event "21st Hoogeveen op"]
[Site "Hoogeveen NED"]
[Date "2017.10.21"]
[Round "1.15"]
[White "Uksini, Bardhyl"]
[Black "Boersma, Jan"]
[Result "1-0"]
[WhiteElo "2363"]
[BlackElo "2057"]
[EventDate "2017.10.21"]
[PlyCount "63"]

1.d4 Nf6 2.c4 g6 3.Nc3 Bg7 4.e4 O-O 5.f4 d6 6.Nf3 Na6 7.Bd3 e5 8.fxe5 dxe5
9.d5 c6 10.O-O cxd5 11.cxd5 Ne8 12.Qe2 Nd6 13.Be3 f5 14.Bf2 f4 15.Nb5 Nxb5
16.Bxb5 g5 17.Rfd1 g4 18.Nh4 g3 19.hxg3 fxg3 20.Bxg3 Qg5 21.Qe1 Bg4 22.
Rdc1 Bh6 23.Bxa6 bxa6 24.Rc6 Rab8 25.b3 Rb6 26.Rac1 Rxc6 27.Rxc6 Bd7 28.
Rc7 Bb5 29.Nf5 Qh5 30.Bxe5 Rxf5 31.exf5 Qxf5 32.Qg3+ 1-0

[Event "21st Hoogeveen op"]
[Site "Hoogeveen NED"]
[Date "2017.10.21"]
[Round "1.16"]
[White "Hoffman, Ron"]
[Black "De Jong, Migchiel"]
[Result "1/2-1/2"]
[WhiteElo "2038"]
[BlackElo "2352"]
[EventDate "2017.10.21"]
[PlyCount "159"]

1.d4 Nf6 2.Bf4 c5 3.e3 e6 4.Nd2 Be7 5.Ngf3 Nh5 6.Bg3 cxd4 7.exd4 d6 8.Bd3 
Nd7 9.Nc4 Nxg3 10.hxg3 Nf6 11.Qe2 Bd7 12.O-O-O Bc6 13.Kb1 b5 14.Ne3 a6 15.
g4 Qa5 16.Nd2 Qb6 17.g5 Nd5 18.Nxd5 Bxd5 19.Qe3 O-O-O 20.Be4 Qb7 21.f4 h6 
22.gxh6 gxh6 23.Rh5 f5 24.Bxd5 Qxd5 25.Re1 Kd7 26.g4 Bf6 27.gxf5 exf5 28.
Reh1 Rde8 29.Qd3 Qxd4 30.Qxd4 Bxd4 31.Rxf5 Be3 32.Nb3 Re4 33.Rf7+ Ke6 34.
Rg7 Bxf4 35.c3 Be5 36.Rg6+ Kd5 37.Rgxh6 Rxh6 38.Rxh6 Re1+ 39.Kc2 Re2+ 40.
Kb1 b4 41.Rh3 bxc3 42.bxc3 Kc4 43.Na5+ Kb5 44.Nb3 Ka4 45.Rd3 Ka3 46.Nd2 
Re1+ 47.Kc2 Kxa2 48.Rd5 Bxc3 49.Kxc3 Rc1+ 50.Kb4 Rc5 51.Rxd6 Rb5+ 52.Kc4 
Kb2 53.Rxa6 Rb8 54.Ne4 Rc8+ 55.Nc5 Kc2 56.Ra2+ Kd1 57.Kd4 Ke1 58.Ke3 Kf1 
59.Ne4 Rf8 60.Ng3+ Kg1 61.Ne2+ Kf1 62.Ra1+ Kg2 63.Rg1+ Kh2 64.Rg5 Kh3 65.
Rg1 Ra8 66.Rg7 Kh4 67.Nd4 Kh5 68.Ke4 Ra4 69.Kf5 Ra5+ 70.Kf6 Kh4 71.Nf3+ 
Kh3 72.Ne5 Ra3 73.Kf5 Rg3 74.Ng6 Kg2 75.Ra7 Rb3 76.Ra2+ Kf3 77.Ne5+ Ke3 
78.Ng4+ Kd4 79.Rd2+ Rd3 80.Rxd3+ 1/2-1/2

[Event "21st Hoogeveen op"]
[Site "Hoogeveen NED"]
[Date "2017.10.21"]
[Round "1.17"]
[White "Engel, Luis"]
[Black "Bekedam, Tyro"]
[Result "1-0"]
[WhiteElo "2344"]
[BlackElo "2037"]
[EventDate "2017.10.21"]
[PlyCount "63"]

1.e4 c6 2.d4 d5 3.e5 Bf5 4.Nf3 e6 5.Be2 Nd7 6.O-O Ne7 7.Nbd2 Nc8 8.a4 Be7 
9.a5 O-O 10.a6 b5 11.Nb3 f6 12.exf6 Bxf6 13.Bf4 Ncb6 14.Na5 Qc8 15.Nb7 Nb8
16.b3 Be7 17.Bd6 Bxd6 18.Nxd6 Qc7 19.Nxf5 exf5 20.Re1 Nc8 21.Bd3 Nd6 22.
Ng5 Rf6 23.Qh5 g6 24.Qh4 Qg7 25.Nxh7 Rf7 26.Ng5 Rd7 27.Re6 Kf8 28.Rae1 
Nxa6 29.Rf6+ Qxf6 30.Nh7+ Rxh7 31.Qxf6+ Nf7 32.Qxc6 1-0

[Event "21st Hoogeveen op"]
[Site "Hoogeveen NED"]
[Date "2017.10.21"]
[Round "1.18"]
[White "Kouwenhoven, Derk"]
[Black "Maris, Ivo"]
[Result "0-1"]
[WhiteElo "2028"]
[BlackElo "2340"]
[EventDate "2017.10.21"]
[PlyCount "146"]

1.e4 c5 2.Nf3 e6 3.d4 cxd4 4.Nxd4 Nc6 5.Nc3 Qc7 6.Be3 a6 7.a3 Nf6 8.Be2 
Be7 9.O-O d6 10.f4 O-O 11.Qe1 Nxd4 12.Bxd4 e5 13.Be3 exf4 14.Rxf4 Be6 15.
Rd1 Nd7 16.Bd4 Bf6 17.Bxf6 Nxf6 18.Qf2 Rad8 19.Kh1 Qc5 20.Qd4 Rfe8 21.Rff1
Qe5 22.Bf3 Kf8 23.Rd2 Rd7 24.Rfd1 Ke7 25.Kg1 Rc8 26.Be2 Rc5 27.g3 Qg5 28.
Kf2 Qh6 29.h4 Re5 30.Bf3 g5 31.Rh1 Qg6 32.Nd5+ Bxd5 33.exd5 g4 34.Bg2 Ne4+
35.Bxe4 Rxe4 36.Qxe4+ Qxe4 37.Re2 Qxe2+ 38.Kxe2 Kf6 39.Kd3 b5 40.Kd4 Re7 
41.Rf1+ Kg6 42.a4 bxa4 43.Ra1 f5 44.c4 f4 45.c5 dxc5+ 46.Kxc5 fxg3 47.d6 
Re2 48.d7 Rd2 49.Rxa4 Kf5 50.Rd4 Rxd4 51.Kxd4 g2 52.d8=Q g1=Q+ 53.Kc4 Qc1+
54.Kb3 Qe3+ 55.Ka2 Qe6+ 56.b3 h6 57.Qa5+ Kf4 58.Qc7+ Kf3 59.Qc3+ Kg2 60.
Kb2 g3 61.Kc2 Qg6+ 62.Kd2 Kh2 63.Qe5 Kh3 64.h5 Qg4 65.Qe3 Qxh5 66.Qe6+ Kh2
67.Qxa6 Qg5+ 68.Ke2 g2 69.Qd6+ Kh3 70.Qd7+ Qg4+ 71.Qxg4+ Kxg4 72.Kf2 Kh3 
73.Kg1 Kg3 0-1

[Event "21st Hoogeveen op"]
[Site "Hoogeveen NED"]
[Date "2017.10.21"]
[Round "1.19"]
[White "Okkes, Menno"]
[Black "Henseler, Jorgen"]
[Result "1/2-1/2"]
[WhiteElo "2332"]
[BlackElo "2026"]
[EventDate "2017.10.21"]
[PlyCount "35"]

1.Nf3 Nf6 2.g3 g6 3.Bg2 Bg7 4.c4 O-O 5.d4 d6 6.O-O Nbd7 7.Nc3 e5 8.h3 c6 
9.e4 Qb6 10.Re1 exd4 11.Nxd4 Re8 12.Re2 Ng4 13.Nb3 Nge5 14.Be3 Qc7 15.Nd2 
Nb6 16.Rc1 Nd3 17.Rb1 Nxb2 18.Qb3 1/2-1/2

[Event "21st Hoogeveen op"]
[Site "Hoogeveen NED"]
[Date "2017.10.21"]
[Round "1.20"]
[White "Nicolai, Amir"]
[Black "Videnova, Iva"]
[Result "1-0"]
[WhiteElo "2019"]
[BlackElo "2326"]
[EventDate "2017.10.21"]
[PlyCount "75"]

1.d4 Nf6 2.g3 g6 3.Bg2 Bg7 4.Nf3 O-O 5.c4 d6 6.O-O Nbd7 7.Nc3 e5 8.dxe5 
dxe5 9.h3 c6 10.Be3 Qc7 11.a4 Rd8 12.Nd2 Nf8 13.a5 Ne6 14.Na4 Nd4 15.Nc5 
Rb8 16.b4 Bf5 17.Ra2 Qc8 18.g4 Be6 19.Bxd4 Rxd4 20.Nxe6 Qxe6 21.e3 Rd3 22.
Qe2 Rbd8 23.b5 cxb5 24.Bd5 R3xd5 25.cxd5 Qxd5 26.Rb2 a6 27.e4 Qd4 28.Rc2 
Qa4 29.Rfc1 Bh6 30.Rc8 Qxa5 31.Qd3 Rxc8 32.Rxc8+ Kg7 33.Qd6 Nd7 34.Nf3 
Qa1+ 35.Kg2 Qb2 36.g5 Bxg5 37.Nxg5 Qd4 38.Qe7 1-0

[Event "21st Hoogeveen op"]
[Site "Hoogeveen NED"]
[Date "2017.10.21"]
[Round "1.21"]
[White "Hopman, Pieter"]
[Black "Damen, Jip"]
[Result "0-1"]
[WhiteElo "2322"]
[BlackElo "2016"]
[EventDate "2017.10.21"]
[PlyCount "72"]

1.b3 e5 2.Bb2 d6 3.e3 Nf6 4.d4 Nbd7 5.Nd2 c6 6.Qf3 exd4 7.exd4 Be7 8.O-O-O
Nb6 9.h3 Be6 10.Ne2 Nbd5 11.c4 Nc7 12.Nf4 d5 13.Bd3 Qd7 14.Rhe1 g6 15.Re5 
O-O-O 16.Rde1 Rhe8 17.c5 Rf8 18.g4 Ng8 19.g5 Rde8 20.h4 Bg4 21.Qg3 f6 22.
gxf6 Bxf6 23.Rxe8+ Rxe8 24.Rxe8+ Nxe8 25.Nf1 Nh6 26.Ne3 Bf5 27.Bf1 Ng7 28.
b4 Qe7 29.b5 Bxh4 30.Qf3 Qe4 31.Qxe4 Bxe4 32.bxc6 bxc6 33.Nh3 Nhf5 34.Ng4 
Ne6 35.Ne5 Nfxd4 36.Ba6+ Kc7 0-1

[Event "21st Hoogeveen op"]
[Site "Hoogeveen NED"]
[Date "2017.10.21"]
[Round "1.22"]
[White "Lindeman, Johan W"]
[Black "Buckels, Valentin"]
[Result "1/2-1/2"]
[WhiteElo "2004"]
[BlackElo "2318"]
[EventDate "2017.10.21"]
[PlyCount "84"]

1.e4 e5 2.Nf3 Nc6 3.Bb5 a6 4.Ba4 Nf6 5.d3 b5 6.Bb3 Bc5 7.c3 d6 8.O-O O-O 
9.Re1 h6 10.Nbd2 Bb6 11.Nf1 Ne7 12.a4 Bb7 13.a5 Ba7 14.Ng3 c5 15.Nh4 Bc8 
16.h3 Be6 17.Bxe6 fxe6 18.Qb3 Qd7 19.Be3 Kh7 20.Rad1 Nc6 21.Qa2 Qf7 22.Nf3
Nd7 23.b3 Qg6 24.Re2 Rac8 25.b4 cxb4 26.Bxa7 Nxa7 27.cxb4 Nc6 28.Qb2 h5 
29.Re3 Rxf3 30.Rxf3 Nd4 31.Re3 h4 32.Nf1 Rc2 33.Qb1 Nf6 34.Rd2 Rc3 35.Nh2 
Nh5 36.Ng4 Qf7 37.Re1 Qc7 38.Qd1 Nf4 39.Kh2 Nc2 40.Rf1 Nxb4 41.g3 Nfxd3 
42.Nxe5 dxe5 1/2-1/2

[Event "21st Hoogeveen op"]
[Site "Hoogeveen NED"]
[Date "2017.10.21"]
[Round "1.23"]
[White "Colijn, Stefan"]
[Black "French, Max"]
[Result "1-0"]
[WhiteElo "2308"]
[BlackElo "1991"]
[EventDate "2017.10.21"]
[PlyCount "100"]

1.d4 Nf6 2.Nf3 e6 3.Bf4 d5 4.e3 c5 5.c3 Nc6 6.Bd3 Be7 7.h3 O-O 8.Nbd2 Bd7 
9.O-O Rc8 10.Re1 cxd4 11.exd4 Na5 12.Ne5 b5 13.Re3 Ne8 14.Qe2 g6 15.Nxd7 
Qxd7 16.Bxb5 Qd8 17.Ba6 Rc6 18.b4 Nc4 19.Bxc4 dxc4 20.b5 Rc8 21.Bh6 Ng7 
22.Bxg7 Kxg7 23.Nxc4 Qd5 24.Ne5 Bg5 25.Rf3 Bf6 26.Nc6 a6 27.a4 axb5 28.
axb5 Rfe8 29.c4 Qd6 30.Qe4 e5 31.c5 Qf8 32.dxe5 Bxe5 33.Nxe5 Rxc5 34.Qd4 
Rcxe5 35.Re1 Qe7 36.Rxe5 Qxe5 37.Qxe5+ Rxe5 38.Rb3 Re7 39.b6 Rb7 40.Kf1 
Kf6 41.Ke2 Ke5 42.Kd3 Kd5 43.g4 h6 44.Rb5+ Kc6 45.Kc4 Kd6 46.f4 f6 47.Rd5+
Kc6 48.Rc5+ Kd6 49.Kb5 Rb8 50.Rc6+ Kd5 1-0

[Event "21st Hoogeveen op"]
[Site "Hoogeveen NED"]
[Date "2017.10.21"]
[Round "1.24"]
[White "Engel, Robert"]
[Black "De Boer, Eelke"]
[Result "0-1"]
[WhiteElo "1973"]
[BlackElo "2301"]
[EventDate "2017.10.21"]
[PlyCount "92"]

1.e4 c5 2.Nf3 d6 3.Bb5+ Nd7 4.d4 Nf6 5.Nc3 cxd4 6.Qxd4 e5 7.Qd3 h6 8.O-O 
a6 9.Bxd7+ Bxd7 10.Nd2 Rc8 11.Nc4 Qc7 12.Ne3 Be6 13.Ncd5 Bxd5 14.Nxd5 Qxc2
15.Nxf6+ gxf6 16.Qf3 Be7 17.Be3 Qc4 18.Rac1 Qe6 19.Rxc8+ Qxc8 20.Rc1 Qd7 
21.Bb6 Bd8 22.Be3 Ke7 23.Qg3 h5 24.Qg7 Qe8 25.b4 Qg8 26.Qxg8 Rxg8 27.b5 
Kd7 28.b6 f5 29.f3 fxe4 30.fxe4 Rg4 31.Rc4 d5 32.Rc5 Rxe4 33.Rxd5+ Kc6 34.
Rxd8 Rxe3 35.Rf8 Re2 36.Rxf7 Kxb6 37.Rf2 Re1+ 38.Rf1 Rxf1+ 39.Kxf1 Kc5 40.
h4 Kd5 41.g4 hxg4 42.h5 Ke6 43.h6 Kf6 44.Kg2 Kg6 45.Kg3 Kxh6 46.Kxg4 Kg6 
0-1

[Event "21st Hoogeveen op"]
[Site "Hoogeveen NED"]
[Date "2017.10.21"]
[Round "1.25"]
[White "Warakomska, Anna"]
[Black "Taams, Sander"]
[Result "0-1"]
[WhiteElo "2295"]
[BlackElo "1954"]
[EventDate "2017.10.21"]
[PlyCount "72"]

1.e4 c5 2.Nf3 d6 3.d4 cxd4 4.Nxd4 Nf6 5.Nc3 a6 6.Be3 e6 7.Be2 Nbd7 8.f4 b5
9.a3 Bb7 10.Bf3 Rc8 11.O-O Be7 12.Qe2 Qc7 13.Rae1 O-O 14.Nb3 Nb6 15.Na5 
Ba8 16.Qf2 Na4 17.Nxa4 bxa4 18.Bb6 Qxc2 19.Qd4 e5 20.Qb4 Rfe8 21.Rf2 Qd3 
22.Qxa4 exf4 23.Be2 Qxe4 24.Qxe4 Nxe4 25.Bxa6 Nxf2 26.Bxc8 Rxc8 27.Bxf2 
Kf8 28.b4 Rc3 29.b5 Rxa3 30.Nc4 Rb3 31.b6 Bd5 32.Nd2 Rb2 33.Rd1 Bd8 34.Nf1
Bxb6 35.Bxb6 Rxg2+ 36.Kh1 Rd2+ 0-1

[Event "21st Hoogeveen op"]
[Site "Hoogeveen NED"]
[Date "2017.10.21"]
[Round "1.26"]
[White "Colbow, Collin"]
[Black "Paszewski, Mateusz"]
[Result "0-1"]
[WhiteElo "1945"]
[BlackElo "2289"]
[EventDate "2017.10.21"]
[PlyCount "100"]

1.e4 c5 2.Nf3 d6 3.d4 cxd4 4.Nxd4 Nf6 5.Nc3 g6 6.Be3 Bg7 7.f3 Nc6 8.Qd2 
O-O 9.g4 Be6 10.Nxe6 fxe6 11.O-O-O Ne5 12.Be2 Qc8 13.Bh6 Nc4 14.Bxc4 Qxc4 
15.h4 Rf7 16.h5 b5 17.hxg6 hxg6 18.Kb1 Nd7 19.Bxg7 Rxg7 20.Rh6 Rf8 21.Qg2 
Ne5 22.Rh3 g5 23.Ne2 Ng6 24.Rd3 Qc5 25.Qh2 b4 26.Nd4 Rf6 27.Rh5 Kf7 28.Rh7
Kg8 29.Rh5 Kf7 30.Rh7 Kg8 31.Rh6 a5 32.Rd1 a4 33.Qh5 a3 34.Nf5 exf5 35.
gxf5 Qe5 36.c3 bxc3 37.fxg6 c2+ 38.Kxc2 Qxb2+ 39.Kd3 Qb5+ 40.Ke3 Qc5+ 41.
Ke2 Qc4+ 42.Ke3 Qc5+ 43.Rd4 Qc3+ 44.Rd3 Qe1+ 45.Kd4 e5+ 46.Kc4 Rc7+ 47.Kb5
Rc5+ 48.Ka4 Qa5+ 49.Kb3 Qb6+ 50.Kxa3 Ra5# 0-1

[Event "21st Hoogeveen op"]
[Site "Hoogeveen NED"]
[Date "2017.10.21"]
[Round "1.27"]
[White "Wempe, Joost"]
[Black "Knight, David"]
[Result "1-0"]
[WhiteElo "2289"]
[BlackElo "1926"]
[EventDate "2017.10.21"]
[PlyCount "69"]

1.d4 d5 2.c4 e6 3.Nf3 c6 4.g3 f5 5.Bf4 Nf6 6.Bg2 Be7 7.O-O O-O 8.Qc2 Ne4 
9.Ne5 Nd7 10.f3 Nxe5 11.Bxe5 Nd6 12.Nd2 Nf7 13.Kh1 Nxe5 14.dxe5 f4 15.gxf4
Rxf4 16.e3 Rh4 17.f4 g6 18.Rf3 Qf8 19.Rg3 Bd7 20.Nf3 Rh5 21.Nd4 Qh6 22.Bf3
Rh4 23.Bg4 c5 24.Bxe6+ Bxe6 25.Nxe6 d4 26.exd4 cxd4 27.Rg2 Kh8 28.Qe4 Re8 
29.Qxb7 g5 30.Nxg5 Bxg5 31.fxg5 Qh5 32.Rf1 d3 33.Qd7 Rh3 34.g6 Rg8 35.g7+ 
1-0

[Event "21st Hoogeveen op"]
[Site "Hoogeveen NED"]
[Date "2017.10.21"]
[Round "1.28"]
[White "Kotyk, Michael"]
[Black "Schippers, Maurice"]
[Result "1-0"]
[WhiteElo "1921"]
[BlackElo "2289"]
[EventDate "2017.10.21"]
[PlyCount "109"]

1.d4 Nf6 2.c4 c5 3.d5 b5 4.cxb5 a6 5.e3 axb5 6.Bxb5 Qa5+ 7.Nc3 Bb7 8.Bd2 
Qb6 9.Qb3 e6 10.e4 exd5 11.exd5 Na6 12.Nf3 Nc7 13.O-O Be7 14.Rfe1 Bxd5 15.
Bxd7+ Nxd7 16.Nxd5 Qxb3 17.Nxc7+ Kd8 18.axb3 Rxa1 19.Rxa1 Kxc7 20.Ra7+ Kc6
21.Ne5+ Nxe5 22.Rxe7 Kd6 23.Ra7 Ke6 24.Be3 Nd3 25.Rc7 Rb8 26.Bxc5 Rxb3 27.
Bd4 Nxb2 28.Bxg7 Nc4 29.g4 Nd6 30.Kg2 Ne8 31.Rc6+ Kd5 32.Rc3 Rb4 33.Rd3+ 
Ke6 34.Bd4 Nc7 35.Kg3 Nd5 36.f4 Ra4 37.f5+ Kd6 38.Kh4 h6 39.Bg7 Ra2 40.h3 
Ra8 41.Bxh6 Rh8 42.g5 Ke5 43.Kg4 Nf6+ 44.gxf6 Rxh6 45.Kg5 Rh8 46.Re3+ Kd6 
47.h4 Rg8+ 48.Kh6 Rg4 49.h5 Rf4 50.Kg7 Rxf5 51.Rh3 Ke6 52.h6 Rg5+ 53.Kf8 
Kxf6 54.h7 Ra5 55.h8=Q+ 1-0

[Event "21st Hoogeveen op"]
[Site "Hoogeveen NED"]
[Date "2017.10.21"]
[Round "1.29"]
[White "Van Dael, Siem"]
[Black "De Jongh, Benno"]
[Result "1/2-1/2"]
[WhiteElo "2286"]
[BlackElo "1919"]
[EventDate "2017.10.21"]
[PlyCount "20"]

1.e4 e5 2.Nf3 d5 3.exd5 e4 4.Qe2 Nf6 5.Nc3 Be7 6.Nxe4 O-O 7.Nxf6+ Bxf6 8.
Qc4 Re8+ 9.Be2 b5 10.Qc5 Na6 1/2-1/2

[Event "21st Hoogeveen op"]
[Site "Hoogeveen NED"]
[Date "2017.10.21"]
[Round "1.30"]
[White "Aan, Sikka"]
[Black "Strating, Sybolt"]
[Result "0-1"]
[WhiteElo "1918"]
[BlackElo "2262"]
[EventDate "2017.10.21"]
[PlyCount "62"]

1.e4 c6 2.d4 d5 3.exd5 cxd5 4.Bd3 Nc6 5.c3 Nf6 6.Bf4 Bg4 7.Qb3 Qc8 8.Nd2 
e6 9.Ngf3 Be7 10.O-O O-O 11.Ne5 Bh5 12.Rae1 Nxe5 13.Bxe5 Bg6 14.Qc2 Nd7 
15.Bg3 Qc6 16.f4 Bd6 17.Rf3 Rfe8 18.Ref1 Nf6 19.f5 exf5 20.Bxf5 Bh5 21.
R3f2 Bxg3 22.hxg3 Qd6 23.Kh2 Bg6 24.Rf4 Re2 25.Qd3 Rae8 26.Bxg6 hxg6 27.
R1f3 g5 28.Rf5 Ng4+ 29.Kg1 Qh6 30.Nf1 Re1 31.Rxf7 Qh2# 0-1